Southville International School and Colleges
Your cart is empty.
  • Cart
  • Lists
    Public lists Eva Luna New books Lux_list list_1
    Your lists Log in to create your own lists
  • Log in to your account
  • Your cookies
  • Search history
Southville International School and Colleges
  • Advanced search
  • Recent comments
  • Most popular
  • Libraries

Log in to your account

Log in with GOOGLE


If you do not have an external account, but do have a local account, you can still log in:

  1. Home
  2. MARC view: A guide to the passion :
Normal view MARC view ISBD view

A guide to the passion : (Record no. 10599)

[ view plain ]
MARC details
000 -LEADER
fixed length control field 00468nam a22001697a 4500
003 - CONTROL NUMBER IDENTIFIER
control field OSt
005 - DATE AND TIME OF LATEST TRANSACTION
control field 20140310182216.0
008 - FIXED-LENGTH DATA ELEMENTS--GENERAL INFORMATION
fixed length control field 130907t xxu||||| |||| 00| 0 eng d
020 ## - INTERNATIONAL STANDARD BOOK NUMBER
International Standard Book Number 9781932645
050 ## - LIBRARY OF CONGRESS CALL NUMBER
Classification number BT 431
Item number .G946 2004
082 ## - DEWEY DECIMAL CLASSIFICATION NUMBER
Classification number HS 232.96
Item number G94 2004
245 ## - TITLE STATEMENT
Title A guide to the passion :
Statement of responsibility, etc Catholic Exchange.
260 ## - PUBLICATION, DISTRIBUTION, ETC. (IMPRINT)
Place of publication, distribution, etc West Chester, PA :
Name of publisher, distributor, etc Catholic Exchange,
Date of publication, distribution, etc c2004.
300 ## - PHYSICAL DESCRIPTION
Extent 85 p. :
Other physical details ill. ;
Dimensions 22 cm.
942 ## - ADDED ENTRY ELEMENTS (KOHA)
Source of classification or shelving scheme Library of Congress Classification
Koha item type
Holdings
Withdrawn status Lost status Source of classification or shelving scheme Damaged status Home library Current library Shelving location Date acquired Total Checkouts Total Renewals Full call number Barcode Date last seen Date checked out Copy number Price effective from Koha item type
    Library of Congress Classification   Luxembourg Library Luxembourg Library High School Section 09/07/2013 1 1 BT 431 .G946 2004 14328 01/18/2016 11/13/2015 1 09/07/2013 Books

A guide to the passion :

APA

(2004). A guide to the passion. West Chester, PA: Catholic Exchange.

Chicago

2004. A guide to the passion. West Chester, PA: Catholic Exchange.

Harvard

(2004). A guide to the passion. West Chester, PA: Catholic Exchange.

MLA

A guide to the passion. West Chester, PA: Catholic Exchange. 2004.

  • Place hold
  • Print
  • Cite
  • Add to your cart (remove)
  • Save record
    BIBTEX Dublin Core MARCXML MARC (non-Unicode/MARC-8) MARC (Unicode/UTF-8) MARC (Unicode/UTF-8, Standard) MODS (XML) RIS
  • More searches
    Search for this title in:
    Other Libraries (WorldCat) Other Databases (Google Scholar) Online Stores (Bookfinder.com) Open Library (openlibrary.org)

Exporting to Dublin Core...

SOUTHVILLE LIBRARY

Southville International School and Colleges Library

1281 Tropical Ave. Cor. Luxembourg St., BF Homes International, Las Pinas City

Tel. No. 8256374 / 252358 Loc. 117/146

Powered by Koha